000 00466nam a22001697a 4500
003 NUST - PNEC
005 20170116181035.0
008 150919b xxu||||| |||| 00| 0 eng d
020 _a0070677700
040 _cLIBRARY
082 _a621.381535 WAI
100 _911309
_aWait, J. V.
245 _aIntroduction to operational amplifier theory and applications
_cJohn V. Wait
260 _cc.1992
650 _911310
_aOperational amplifiers
_xEE
942 _2ddc
_cBK
999 _c67873
_d67873